Vigencia de Rubén Dario y otras páginas

Uloženo v:
Podrobná bibliografie
Hlavní autor: Torre, Guillermo de (Autor)
Médium: Kniha
Jazyk:španělština
Vydáno: Madrid Guadarrama 1969
Témata:
Tagy: Přidat tag
Žádné tagy, Buďte první, kdo vytvoří štítek k tomuto záznamu!

MARC

LEADER 00000nam a2200000 a 4500
001 UCZ4963
003 CL-VaPUC
008 951115e19690000SP |||||||||||||||||spa|d
082 0 4 |a 809  |b TOR  |2 21 
100 0 |a Torre, Guillermo de  |e author  |9 348928 
245 1 0 |a Vigencia de Rubén Dario y otras páginas 
300 |a 212 p 
942 |c BK 
945 |d 19951115 00:00:00  |a rleighto 
260 |a Madrid  |b Guadarrama  |c 1969 
600 0 7 |a DARIO, RUBEN  |2 CL-VaPUC  |9 268402 
600 0 7 |a VALLE INCLAN, RAMON DEL  |2 CL-VaPUC  |9 315482 
650 7 |a LITERATURA ESPAÑOLA SIGLO 20  |2 CL-VaPUC  |9 343079 
650 0 |a Crítica literaria   |9 269189 
583 |a last modification  |c 20170726 04:17:00  |k Rodrigo Vera 
999 |c 241303  |d 241301 
952 |0 0  |1 0  |4 0  |6 809_000000000000000_TOR_1969  |7 0  |8 A  |9 253596  |a BIBEDU  |b BIBEDU  |d 2019-11-19  |i 3150852  |o 809 TOR 1969  |p 3150852  |r 2019-11-19  |w 2019-11-19  |y BK  |k LIT